| 000 -LEADER |
| fixed length control field |
03196cas a2200709 4500 |
| 001 - CONTROL NUMBER |
| control field |
11220478 |
| 003 - CONTROL NUMBER IDENTIFIER |
| control field |
OSt |
| 005 - DATE AND TIME OF LATEST TRANSACTION |
| control field |
20170121101632.0 |
| 008 - FIXED-LENGTH DATA ELEMENTS--GENERAL INFORMATION |
| fixed length control field |
760322c19769999ohuqr p o 0 a0eng c |
| 010 ## - LIBRARY OF CONGRESS CONTROL NUMBER |
| LC control number |
78645264 |
| Canceled/invalid LC control number |
sc 78000379 |
| 016 7# - NATIONAL BIBLIOGRAPHIC AGENCY CONTROL NUMBER |
| Record control number |
9877758 |
| Source |
DNLM |
| 016 7# - NATIONAL BIBLIOGRAPHIC AGENCY CONTROL NUMBER |
| Record control number |
A02730000 |
| Source |
DNLM |
| 016 7# - NATIONAL BIBLIOGRAPHIC AGENCY CONTROL NUMBER |
| Record control number |
AA00043778 |
| Source |
JP-ToKJK |
| 022 0# - INTERNATIONAL STANDARD SERIAL NUMBER |
| International Standard Serial Number |
0363-7425 |
| ISSN-L |
0363-7425 |
| Source |
1 |
| 032 ## - POSTAL REGISTRATION NUMBER |
| Postal registration number |
305550 |
| Source agency assigning number |
USPS |
| 035 ## - SYSTEM CONTROL NUMBER |
| System control number |
(OCoLC)ocm02060965 |
| 037 ## - SOURCE OF ACQUISITION |
| Source of stock number/acquisition |
Academy of Management, Ohio Northern University, P.O. Box 39, Ada, OH 45810 |
| 040 ## - CATALOGING SOURCE |
| Original cataloging agency |
CLE |
| Language of cataloging |
eng |
| Transcribing agency |
CLE |
| Modifying agency |
COO |
| -- |
NSD |
| -- |
DLC |
| -- |
NSD |
| -- |
DLC |
| -- |
OCL |
| -- |
NSD |
| -- |
OCL |
| -- |
NST |
| -- |
OCL |
| -- |
NST |
| -- |
AIP |
| -- |
NSD |
| -- |
AIP |
| -- |
NST |
| -- |
AIP |
| -- |
NST |
| -- |
OCL |
| -- |
NSD |
| -- |
AGL |
| -- |
NST |
| -- |
IUL |
| -- |
NLM |
| -- |
OCL |
| -- |
MYG |
| -- |
ORZ |
| -- |
OCLCQ |
| -- |
HNK |
| -- |
OCL |
| -- |
NLGGC |
| -- |
LVB |
| -- |
DLC |
| -- |
OCLCQ |
| -- |
TULIB |
| -- |
OCL |
| -- |
OCLCF |
| -- |
P4I |
| -- |
OCLCO |
| -- |
FC@ |
| 042 ## - AUTHENTICATION CODE |
| Authentication code |
nsdp |
| -- |
pcc |
| 050 00 - LIBRARY OF CONGRESS CALL NUMBER |
| Classification number |
HD28 .A23 2013 |
| 070 0# - NATIONAL AGRICULTURAL LIBRARY CALL NUMBER |
| Classification number |
HD28.A32 |
| 082 04 - DEWEY DECIMAL CLASSIFICATION NUMBER |
| Classification number |
658/.005 |
| 100 ## - MAIN ENTRY--PERSONAL NAME |
| Dates associated with a name |
2013 |
| 110 2# - MAIN ENTRY--CORPORATE NAME |
| Corporate name or jurisdiction name as entry element |
Academy of Management. |
| 210 0# - ABBREVIATED TITLE |
| Abbreviated title |
Acad. Manage. rev. |
| 222 #4 - KEY TITLE |
| Key title |
The Academy of Management review |
| 245 14 - TITLE STATEMENT |
| Title |
The Academy of Management review. |
| 246 13 - VARYING FORM OF TITLE |
| Title proper/short title |
AMR |
| 260 ## - PUBLICATION, DISTRIBUTION, ETC. (IMPRINT) |
| Place of publication, distribution, etc. |
Ada, Ohio [etc.] |
| Name of publisher, distributor, etc. |
Academy of Management. |
| Date of publication, distribution, etc. |
2013 |
| 300 ## - PHYSICAL DESCRIPTION |
| Extent |
709P; |
| Dimensions |
24 cm. |
| Other physical details |
ill; |
| 310 ## - CURRENT PUBLICATION FREQUENCY |
| Current publication frequency |
Quarterly |
| 362 0# - DATES OF PUBLICATION AND/OR SEQUENTIAL DESIGNATION |
| Dates of publication and/or sequential designation |
v. 1- Jan. 1976- |
| 440 ## - SERIES STATEMENT/ADDED ENTRY--TITLE |
| Volume/sequential designation |
Volume38 |
| 530 ## - ADDITIONAL PHYSICAL FORM AVAILABLE NOTE |
| Additional physical form available note |
Also issued online via the World Wide Web by subscription. |
| 588 ## - SOURCE OF DESCRIPTION NOTE |
| Source of description note |
Latest issue consulted: Vol. 29, no. 2 (Apr. 2004). |
| 590 ## - LOCAL NOTE (RLIN) |
| Local note |
SERBIB/SERLOC merged record |
| 650 #0 - SUBJECT ADDED ENTRY--TOPICAL TERM |
| Topical term or geographic name as entry element |
Management |
| Form subdivision |
Periodicals. |
| 650 17 - SUBJECT ADDED ENTRY--TOPICAL TERM |
| Topical term or geographic name as entry element |
Management. |
| Source of heading or term |
gtt |
| 650 #6 - SUBJECT ADDED ENTRY--TOPICAL TERM |
| Topical term or geographic name as entry element |
Gestion |
| Form subdivision |
Périodiques. |
| 650 #4 - SUBJECT ADDED ENTRY--TOPICAL TERM |
| Topical term or geographic name as entry element |
Management |
| General subdivision |
Periodicals. |
| 650 #7 - SUBJECT ADDED ENTRY--TOPICAL TERM |
| Topical term or geographic name as entry element |
Management. |
| Source of heading or term |
fast |
| Authority record control number |
(OCoLC)fst01007141 |
| 655 #7 - INDEX TERM--GENRE/FORM |
| Genre/form data or focus term |
Periodicals. |
| Source of term |
fast |
| Authority record control number |
(OCoLC)fst01411641 |
| 655 #7 - INDEX TERM--GENRE/FORM |
| Genre/form data or focus term |
Electronic journals. |
| Source of term |
lcgft |
| 710 2# - ADDED ENTRY--CORPORATE NAME |
| Corporate name or jurisdiction name as entry element |
Academy of Management. |
| Title of a work |
Review. |
| 776 1# - ADDITIONAL PHYSICAL FORM ENTRY |
| Title |
Academy of Management review (Online) |
| International Standard Serial Number |
1930-3807 |
| Record control number |
(DLC) 2001227337 |
| -- |
(OCoLC)48415494 |
| 780 03 - PRECEDING ENTRY |
| Title |
Academy of management journal |
| International Standard Serial Number |
0001-4273 |
| Record control number |
(DLC) 58003817 |
| -- |
(OCoLC)1460711 |
| 906 ## - LOCAL DATA ELEMENT F, LDF (RLIN) |
| a |
7 |
| b |
cbc |
| c |
serials |
| d |
4 |
| e |
ncip |
| f |
19 |
| g |
n-oclcserc |
| 942 ## - ADDED ENTRY ELEMENTS (KOHA) |
| Source of classification or shelving scheme |
|
| Koha item type |
Hard Covered Materials |
| Classification part |
HD28 .A23 2013 |
| Call number prefix |
30607 |